00791 a2200205 4500010001400000020002300014035001300037037001600050082001100066090001700077100002600094245010400120260003400224270006700258300003100325500005000356942002600406999001700432952013600449 aENG-90159 a8125034617c995.00 aEN-73692 bDBAD / PUB14a306.44 c12702d127021 aSkutnabb-Kangas, Tove1 aLinguistic genocide in education-or worldwide diversity and human rights?/cby Tove Skutnabb-Kangas aChennaibOrient Longmanc2008 a160, Anna SalaibChennaie600002mchegeneral@orientlongman.com axxxiii, 785p.c22 cm (Pbk) aIncludes bibliographical references & index. adplcENk 306.44/ SKU c12339d12339 00102ddc40718NFICaDBADbDBADeDBAD/PUBg995.00l0o306.44 SKUpEN-73692r2008-09-15 00:00:00t1u13542v995.00w2008-09-15yEN